[Event "Tourn. n7986"]
[Site "www.chess-mail.com"]
[Date "2015.02.22"]
[Round "1"]
[White "Difficult"]
[Black "Yakke"]
[WhiteElo "1900"]
[BlackElo "1770"]
[Result "1-0"]
[Round "1"]
1.c4 e5
2.Nb1c3 Nb8c6
3.g3 Ng8f6
4.Bf1g2 Nc6d4
5.e3 Nd4c6
6.d4 Bf8b4
7.d5 Nc6a5
8.Qd1e2 d6
9.Bc1d2 a6
10.Ng1f3 h6
11.O-O e4
12.Nf3d4 Bc8d7
13.a3 Bb4xc3
14.Bd2xc3 c6
15.b4 c5
16.Nd4c2 Na5b3
17.Ra1b1 Bd7a4
18.Bc3xf6 Qd8xf6
19.Bg2xe4 Qf6c3
20.bxc5 Nb3d2
21.cxd6 Nd2xe4
22.d7 Ba4xd7
23.Rb1xb7 Bd7a4
24.Nc2d4 Ne4d2
25.Qe2h5 O-O
26.Nd4f5 Qc3d3
27.Rf1a1 Nd2xc4
28.Qh5g4 Qd3xd5
29.Qg4xg7  { time }
1-0

[Event "Tourn. n8003"]
[Site "www.chess-mail.com"]
[Date "2015.02.22"]
[Round "1"]
[White "Gatrooper"]
[Black "Merimee"]
[WhiteElo "1450"]
[BlackElo "1580"]
[Result "0-1"]
[Round "1"]
1.e4 d5
2.e5 Nb8c6
3.Ng1f3 Bc8f5
4.a3 e6
5.d3 Bf8c5
6.d4 Bc5b6
7.Bc1g5 f6
8.exf6 Ng8xf6
9.Bg5xf6 Qd8xf6
10.c3 O-O-O
11.Bf1d3 Bf5e4
12.Bd3xe4 dxe4
13.Nf3d2 Rh8f8
14.Rh1f1 Qf6f5
15.Qd1e2 Nc6e7
16.Nd2c4 Ne7d5
17.g3 g6
18.Nc4e5 e3
 { time }
0-1

[Event "Tourn. n7960"]
[Site "www.chess-mail.com"]
[Date "2015.02.22"]
[Round "1"]
[White "Tenzinnima"]
[Black "Picifarkinca"]
[WhiteElo "2180"]
[BlackElo "2000"]
[Result "1-0"]
[Round "1"]
1.c4 Ng8f6
2.Nb1c3 e5
3.g3 Bf8b4
4.Bf1g2 O-O
5.d3 d6
6.Ng1f3 c6
7.O-O Nb8d7
8.Nf3d2 Rf8e8
9.Qd1b3 Bb4a5
10.Nd2e4 Nf6xe4
11.Nc3xe4 Nd7f8
12.c5 d5
13.Ne4d6 Re8e7
14.e4 Nf8e6
15.Nd6xc8 Ra8xc8
16.exd5 Ne6xc5
17.Qb3a3 Qd8b6
18.Bc1e3 Ba5b4
19.Be3xc5 Bb4xc5
20.Qa3b3 Qb6xb3
21.axb3 Bc5d4
22.dxc6 bxc6
23.Ra1a6 c5
24.Rf1a1 Rc8c7
25.Ra1a2 Kf8
26.Bg2e4 g6
27.g4 Kg7
28.Kf1 Kf8
29.f3 Kg7
30.Ke2 Kg8
31.Kd1 Kg7
32.Kc2 { resign }
1-0

[Event "Tourn. n8038"]
[Site "www.chess-mail.com"]
[Date "2015.02.22"]
[Round "1"]
[White "Aperturaf"]
[Black "Averoes"]
[WhiteElo "2250"]
[BlackElo "2120"]
[Result "1-0"]
[Round "1"]
1.e4 c5
2.Ng1f3 e6
3.c3 Ng8f6
4.e5 Nf6d5
5.d4 cxd4
6.cxd4 d6
7.Bf1c4 Nd5b6
8.Bc4d3 dxe5
9.dxe5 Bf8b4
10.Nb1c3 Nb6d5
11.O-O Bb4xc3
12.bxc3 Nb8c6
13.c4 Nd5b4
14.Bd3e4 Qd8xd1
15.Rf1xd1 f5
16.Be4b1 O-O
17.Bc1e3 b6
18.h3 Rf8d8
19.Rd1d6 Kf7
20.a3 Rd8xd6
21.exd6 Nb4a6
22.Bb1c2 h6
23.g4 g6
24.Bc2a4 Na6b8
25.Be3xh6 Bc8d7
26.Ra1e1 Kf6
27.Bh6f4 a6
28.Ba4c2 Nc6a5
29.Nf3e5 g5
30.Bf4d2 Na5b7
31.Bd2c3 { resign }
1-0

[Event "Tourn. n7954"]
[Site "www.chess-mail.com"]
[Date "2015.02.22"]
[Round "1"]
[White "Gatrooper"]
[Black "Iko"]
[WhiteElo "1390"]
[BlackElo "1460"]
[Result "0-1"]
[Round "1"]
1.e4 e5
2.a3 c5
3.c4 a5
4.d3 g5
5.Ng1h3 f6
6.Nb1c3 d6
7.Nc3d5 Bc8e6
8.Nd5e3 h5
9.Nh3g1 a4
10.h3 h4
11.Ng1f3 Ng8h6
12.Bf1e2 b6
13.Bc1d2 Nb8c6
14.g4 Ra8b8
15.O-O Rb8a8
16.Nf3h2 Nc6d4
17.Nh2f3 Nd4b3
18.Ra1b1 Nb3d4
19.Nf3xd4 cxd4
20.Ne3g2 Qd8c7
21.Bd2b4 Qc7c6
22.Bb4d2 b5
23.cxb5 Qc6xb5
24.b4 Bf8e7
25.f3 Ra8c8
26.Rb1c1 O-O
27.Rc1xc8 Rf8xc8
28.Qd1a1 Rc8c2
29.Qa1d1 Rc2a2
30.Qd1e1 Ra2xa3
31.Qe1c1 d5
32.Qc1xa3 dxe4
33.fxe4 Nh6f7
 { time }
0-1

[Event "Tourn. n8019"]
[Site "www.chess-mail.com"]
[Date "2015.02.22"]
[Round "1"]
[White "Fred"]
[Black "Samael"]
[WhiteElo "2010"]
[BlackElo "2090"]
[Result "1-0"]
[Round "1"]
1.e4 e5
2.f4 d6
3.Ng1f3 exf4
4.Bf1c4 h6
5.d4 Nb8c6
6.Bc1xf4 Bc8g4
7.O-O Ng8f6
8.Qd1d3 a6
9.Nb1d2 Bf8e7
10.c3 O-O
11.h3 Bg4h5
12.Ra1e1 Nc6a5
13.Bc4b3 Na5xb3
14.axb3 Bh5g6
15.Nf3h4 Bg6h7
16.Bf4xh6 Nf6xe4
17.Bh6xg7 Kxg7
18.Nh4f5 Bh7xf5
19.Rf1xf5 d5
20.Nd2xe4 dxe4
21.Qd3g3 { resign }
1-0

[Event "Tourn. n8095"]
[Site "www.chess-mail.com"]
[Date "2015.02.22"]
[Round "1"]
[White "Gatoss"]
[Black "Sorren"]
[WhiteElo "1780"]
[BlackElo "1840"]
[Result "1-0"]
[Round "1"]
1.d4 Ng8f6
2.c4 e6
3.Nb1c3 Bf8b4
4.Qd1c2 d5
5.e3 Nf6e4
6.Bc1d2 Ne4xd2
7.Qc2xd2 c5
8.dxc5 Bb4xc5
9.cxd5 Bc5b4
10.e4 Bb4xc3
11.Qd2xc3 O-O
12.Bf1d3 Qd8d6
13.Ng1f3 Rf8e8
14.O-O exd5
15.exd5 Qd6xd5
16.Rf1d1 Qd5c6
17.Rd1e1 Bc8e6
18.Nf3g5 Qc6xc3
19.bxc3 h6
20.Ng5xe6 fxe6
21.Bd3c4 Kf7
22.Ra1b1 b6
23.Re1e3 Nb8c6
24.Rb1e1 Ra8c8
25.Bc4xe6 { resign }
1-0

[Event "Match"]
[Site "www.echecsemail.com"]
[Date "2015.02.22"]
[Round "1"]
[White "Kantimousse"]
[Black "Georgepapi"]
[WhiteElo "1650"]
[BlackElo "1860"]
[Result "0-1"]
[Round "1"]
1.e4 e5
2.Ng1f3 Nb8c6
3.Bf1c4 Bf8c5
4.Nf3g5 Qd8xg5
5.O-O Qg5g6
6.Nb1c3 Ng8f6
7.Nc3b5 Bc5b6
8.a4 a6
9.Nb5c3 Nf6xe4
10.Nc3d5 Ne4f6
11.Nd5xb6 cxb6
12.c3 d5
13.Bc4b3 e4
14.Bb3c2 Bc8h3
15.g3 Bh3xf1
16.Qd1xf1 O-O
17.d3 exd3
18.Bc2xd3 Qg6h5
19.Bc1f4 Nc6e5
20.Bd3e2 Qh5f5
21.a5 bxa5
22.Ra1xa5 Ne5c6
 { time }
0-1

[Event "Match"]
[Site "www.echecsemail.com"]
[Date "2015.02.22"]
[Round "1"]
[White "Gimmyg"]
[Black "Pablincho"]
[WhiteElo "1589"]
[BlackElo "1730"]
[Result "1-0"]
[Round "1"]
1.d4 e6
2.Nb1c3 Bf8b4
3.e4 d5
4.exd5 Qd8xd5
5.Ng1f3 Ng8f6
6.Bf1d3 Nb8c6
7.O-O Bb4xc3
8.bxc3 h6
9.c4 Qd5d8
10.c3 O-O
11.Bc1a3 Rf8e8
12.Qd1e2 e5
13.Nf3xe5 Nc6xe5
14.dxe5 Nf6g4
15.f4 f5
16.h3 Ng4f6
17.Ra1d1 c6
18.Qe2f2  { time }
1-0

[Event "Match"]
[Site "www.echecsemail.com"]
[Date "2015.02.22"]
[Round "1"]
[White "Kantimousse"]
[Black "Nugun"]
[WhiteElo "1660"]
[BlackElo "1529"]
[Result "0-1"]
[Round "1"]
1.e4 e5
2.Ng1f3 Nb8c6
3.Bf1c4 Ng8f6
4.d3 Bf8b4
5.c3 Bb4c5
6.O-O O-O
7.a3 d6
8.Nf3e1 d5
9.exd5 Nc6e7
10.Bc1g5 Bc8f5
11.Bg5xf6 gxf6
12.d4 Bc5d6
13.Ne1d3 e4
14.Nd3c5 Bd6f4
15.Nc5xb7 Qd8d7
16.Nb7c5 Qd7d6
17.Qd1h5 e3
18.fxe3 Bf4xe3
19.Kh1 c6
20.Nc5e4 Bf5xe4
21.Qh5g4 Be4g6
22.Bc4d3 f5
23.Bd3xf5 h5
24.Qg4e4 Bg6xf5
25.Qe4xe3 Qd6xd5
26.Qe3g5 Kh7
27.Qg5xh5 Kg7
28.Qh5g5 Kh7
29.Qg5xe7 Rf8g8
30.Qe7h4 Kg7
31.Qh4g5 Kf8
 { time }
0-1

[Event "Match"]
[Site "www.echecsemail.com"]
[Date "2015.02.22"]
[Round "1"]
[White "Gorski"]
[Black "Peck"]
[WhiteElo "1349"]
[BlackElo "1239"]
[Result "0-1"]
[Round "1"]
1.e4 b5
2.d4 a6
3.Nb1c3 h5
4.Bc1f4 e5
5.dxe5 g5
6.Ng1h3 gxf4
7.Nh3xf4 Qd8g5
8.Nf4d5 Qg5xe5
9.Nd5e3 Ng8h6
10.Bf1d3 Qe5d4
11.O-O Bf8b4
12.Qd1e1 c5
13.a3 Bb4xc3
14.bxc3 Qd4a4
15.Qe1c1 c4
16.Bd3e2 d5
17.exd5 Bc8f5
18.Ra1a2 Nb8d7
19.h3 Nd7f6
20.d6 Ra8d8
21.Rf1d1 Rd8d7
22.Qc1d2 Nf6e4
23.Qd2d5 O-O
24.Ra2b2 Qa4xa3
25.Rd1b1 Ne4xc3
26.Qd5c6 Rd7e7
27.dxe7 Qa3xe7
28.Qc6xh6 { time. }
0-1

[Event "Match"]
[Site "www.echecsemail.com"]
[Date "2015.02.22"]
[Round "1"]
[White "F14"]
[Black "Georgepapi"]
[WhiteElo "1599"]
[BlackElo "1970"]
[Result "1-0"]
[Round "1"]
1.d4 Ng8f6
2.Ng1f3 d5
3.c4 dxc4
4.Qd1a4 Bc8d7
5.Qa4xc4 Nb8c6
6.g3 e6
7.Bf1g2 Bf8b4
8.Bc1d2 Bb4xd2
9.Nb1xd2 O-O
10.O-O Qd8e7
11.e3 Rf8d8
12.Rf1e1 Nf6d5
13.a3 Nd5b6
14.Qc4c2 Qe7f6
15.Ra1c1 Ra8c8
16.b3 Bd7e8
17.Nd2e4 Qf6e7
18.Ne4g5 g6
19.h4 Qe7f6
20.Ng5e4 Qf6f5
21.g4 Qf5xg4
22.Ne4f6 { resign }
1-0

[Event "Match"]
[Site "www.echecsemail.com"]
[Date "2015.02.22"]
[Round "1"]
[White "F14"]
[Black "Bbking"]
[WhiteElo "1599"]
[BlackElo "1470"]
[Result "1-0"]
[Round "1"]
1.d4 d5
2.c4 e6
3.Nb1c3 Bf8b4
4.Qd1c2 Bb4xc3
5.Qc2xc3 Ng8f6
6.Ng1f3 Nb8c6
7.Bc1g5 h6
8.Bg5xf6 Qd8xf6
9.cxd5 exd5
10.e3 O-O
11.Bf1e2 Bc8g4
12.O-O Bg4xf3
13.Be2xf3 Nc6e7
14.Qc3xc7 Ra8b8
15.Bf3g4 a5
16.Qc7xa5 Ne7c6
17.Qa5xd5 Rf8d8
18.Qd5f5 Qf6xf5
19.Bg4xf5 b5
20.Ra1c1 Rb8b6
21.h3 b4
22.b3 Nc6e7
23.Bf5g4 f5
24.Bg4f3 g5
25.Rc1c7 Ne7c6
26.Rc7xc6 Rb6xc6
27.Bf3xc6 f4
28.d5 fxe3
29.fxe3 h5
30.Rf1f5 g4
31.hxg4 hxg4
32.Rf5g5 { resign }
1-0

[Event "Match"]
[Site "www.echecsemail.com"]
[Date "2015.02.22"]
[Round "1"]
[White "Jeti"]
[Black "Wagner"]
[WhiteElo "1499"]
[BlackElo "1630"]
[Result "0-1"]
[Round "1"]
1.Ng1f3 d5
2.g3 c5
3.Bf1g2 Bc8f5
4.O-O f6
5.d3 e6
6.Rf1e1 Nb8c6
7.e4 Bf5g4
8.b3 d4
 { time }
0-1

[Event "Match"]
[Site "www.echecsemail.com"]
[Date "2015.02.22"]
[Round "1"]
[White "Tenzinnima"]
[Black "Irene"]
[WhiteElo "2270"]
[BlackElo "1980"]
[Result "1-0"]
[Round "1"]
1.e4 c5
2.Ng1f3 Nb8c6
3.c3 d6
4.d4 cxd4
5.cxd4 Qd8a5
6.Nb1c3 Ng8f6
7.Bf1d3 a6
8.O-O Bc8g4
9.Bc1d2 Qa5b6
10.e5 dxe5
11.dxe5 Nc6xe5
12.Bd2g5 Ne5xf3
13.gxf3 Bg4h3
14.Bg5xf6 Bh3xf1
15.Nc3d5 Qb6d6
16.Bd3xf1 gxf6
17.Qd1a4 Qd6d7
18.Bf1b5 axb5
19.Qa4xa8 Qd7d8
20.Nd5c7 Kd7
21.Ra1d1 { resign }
1-0

[Event "Match"]
[Site "www.echecsemail.com"]
[Date "2015.02.22"]
[Round "1"]
[White "Pariolinius"]
[Black "Tenzinnima"]
[WhiteElo "1810"]
[BlackElo "2270"]
[Result "1-0"]
[Round "1"]
1.d4 e6
2.Ng1f3 b6
3.c4 Ng8f6
4.Nb1c3 Bf8b4
5.Bc1g5 h6
6.Bg5h4 Bc8b7
7.e3 g5
8.Bh4g3 Nf6e4
9.Qd1c2 Bb4xc3
10.bxc3 d6
11.Bf1d3 Ne4xg3
12.hxg3 Nb8d7
13.Bd3h7 Nd7f6
14.Rh1xh6 Nf6e4
15.Bh7xe4 Rh8xh6
16.O-O-O Bb7xe4
17.Qc2xe4 Ra8b8
18.Nf3d2 f5
19.Qe4f3 c5
20.d5 Qd8f6
21.Kc2 Kd7
22.e4 Rb8f8
23.Qf3e3 Kc7
24.Nd2f3 fxe4
25.Qe3xe4 Qf6f5
26.Qe4xf5 Rf8xf5
27.g4 Rf5f4
28.Rd1e1 Kd7
29.Re1e2 { resign }
1-0

[Event "Match"]
[Site "www.echecsemail.com"]
[Date "2015.02.22"]
[Round "1"]
[White "Silent1"]
[Black "Arnpriorite"]
[WhiteElo "1900"]
[BlackElo "2180"]
[Result "0-1"]
[Round "1"]
1.d4 Ng8f6
2.c4 g6
3.Nb1c3 Bf8g7
4.e3 O-O
5.Ng1f3 d6
6.Bf1d3 Bc8g4
7.O-O Nb8d7
8.Bd3e2 c6
9.Nf3g5 Bg4xe2
10.Qd1xe2 e5
11.dxe5 Nd7xe5
12.Ng5f3 Qd8e7
13.Nf3xe5 Qe7xe5
14.f3 Rf8e8
15.e4 Ra8d8
16.Bc1e3 d5
17.f4 Qe5h5
18.Qe2xh5 Nf6xh5
19.e5 d4
20.Be3xd4 Rd8xd4
21.g3 Rd4xc4
22.Rf1d1 Nh5xf4
23.Rd1d7 Nf4e6
24.Rd7xb7 Bg7xe5
25.Rb7xa7 Be5d4
26.Kg2 Bd4xa7
{ resign }
0-1

[Event "Match"]
[Site "www.echecsemail.com"]
[Date "2015.02.22"]
[Round "1"]
[White "Nozal"]
[Black "Kantimousse"]
[WhiteElo "1639"]
[BlackElo "1640"]
[Result "1-0"]
[Round "1"]
1.e4 e5
2.Ng1f3 Nb8c6
3.d3 Bf8c5
4.c3 d5
5.Nb1d2 Ng8f6
6.b4 Bc5e7
7.h3 d4
8.Bc1b2 O-O
9.a3 Nf6e8
10.b5 Nc6b8
11.cxd4 exd4
12.Bb2xd4 a5
13.a4 b6
14.Ra1a2 Be7b4
15.Bf1e2 Ne8f6
16.g4 Bc8e6
17.Ra2a1 Nb8d7
18.O-O Nd7c5
19.Bd4xc5 Bb4xc5
20.Nd2c4 Bc5d4
21.Nf3xd4 Qd8xd4
22.Ra1c1 Nf6d7
23.Nc4e3 Nd7c5
24.Ne3c4 Qd4f6
25.d4 Nc5xe4
26.Be2f3 Be6d5
27.Nc4e5 Qf6h4
28.Bf3g2 Ra8d8
29.Rc1xc7 Ne4g5
30.Rc7c3 Bd5xg2
31.Kxg2 Rd8d5
32.f4 Ng5e6
33.Rc3d3 h6
34.Ne5c6 Rf8e8
35.Qd1f3 Qh4f6
36.f5 Ne6g5
37.Qf3xd5 Ng5e4
38.Rd3e3 Qf6g5
39.Re3xe4 Re8f8
40.Kg3  { time }
1-0

[Event "Match"]
[Site "www.echecsemail.com"]
[Date "2015.02.22"]
[Round "1"]
[White "F14"]
[Black "Drdoom"]
[WhiteElo "1599"]
[BlackElo "1780"]
[Result "1-0"]
[Round "1"]
1.d4 d5
2.Ng1f3 h6
3.c4 e6
4.Nb1c3 Ng8f6
5.e3 a6
6.Qd1c2 c5
7.Bf1e2 b5
8.cxb5 Qd8b6
9.bxa6 Bc8xa6
10.O-O Nb8c6
11.Be2xa6 Qb6xa6
12.dxc5 Bf8xc5
13.Nc3xd5 exd5
14.Qc2xc5 Nc6e7
15.Bc1d2 Ra8c8
16.Qc5d4 O-O
17.Bd2c3 Ne7c6
18.Qd4h4 Nf6e4
19.Bc3d4 Rf8e8
20.Qh4h3 Qa6c4
21.b3 Qc4b4
22.Ra1c1 Qb4b7
23.Qh3g4 Nc6xd4
24.Nf3xd4 Rc8a8
25.Nd4f5 g6
26.Nf5xh6 Kh7
27.Qg4f4 Re8f8
28.Rc1c7 Qb7b5
29.Rc7xf7 Rf8xf7
30.Nh6xf7 Ra8xa2
31.Qf4c7 Kg8
32.Nf7h6 Kh8
33.Qc7f7 Ra2a8
34.Qf7xg6 Ra8f8
35.Nh6f7 Rf8xf7
36.Qg6xf7 Qb5xb3
37.h3 Qb3b2
38.Qf7h5 Kg7
39.Qh5xd5 Ne4d2
40.Rf1d1 { resign }
1-0

[Event "Match"]
[Site "www.echecsemail.com"]
[Date "2015.02.22"]
[Round "1"]
[White "Gorgo"]
[Black "Kantimousse"]
[WhiteElo "1599"]
[BlackElo "1640"]
[Result "1-0"]
[Round "1"]
1.d4 e6
2.c4 d5
3.Ng1f3 dxc4
4.e3 b5
5.a4 c6
6.axb5 cxb5
7.b3 Bf8b4
8.Bc1d2 Nb8c6
9.Bd2xb4 Nc6xb4
10.bxc4 bxc4
11.Qd1a4 Bc8d7
12.Qa4xb4 Ng8f6
13.Bf1xc4 Nf6e4
14.Nb1d2 Ra8b8
15.Qb4a3 Ne4xd2
16.Kxd2 a5
17.Rh1b1 Rb8c8
18.Nf3e5  { time }
1-0

[Event "Match"]
[Site "www.echecsemail.com"]
[Date "2015.02.22"]
[Round "1"]
[White "Harrytheking"]
[Black "Pariolinius"]
[WhiteElo "1750"]
[BlackElo "1840"]
[Result "0-1"]
[Round "1"]
1.c4 c5
2.e3 Ng8f6
3.d3 g6
4.Ng1f3 Bf8g7
5.Nb1c3 O-O
6.Bf1e2 Nb8c6
7.a3 e6
8.h3 d5
9.cxd5 Nf6xd5
10.Nc3xd5 Qd8xd5
11.e4 Qd5d8
12.O-O b6
13.Ra1b1 Bc8b7
14.Bc1e3 Qd8c7
15.Qd1c1 Ra8d8
16.Be3f4 e5
17.Bf4h6 Rf8e8
18.Bh6xg7 Kxg7
19.b3 Qc7b8
20.Qc1b2 Nc6d4
21.Nf3xd4 cxd4
22.b4 Rd8c8
23.Be2g4 Rc8c3
24.Bg4d7 Re8d8
25.Bd7a4 Rc3xd3
26.Ba4b5 Rd3c3
27.Rf1d1 Bb7xe4
28.Rb1c1 Rd8c8
29.Rc1xc3 Rc8xc3
30.f3 Be4d5
31.Bb5d3 Qb8c7
32.a4 Bd5b3
33.Rd1d2 Bb3xa4
34.b5 Rc3b3
35.Qb2a2 Qc7c1
36.Kh2 Rb3a3
37.Qa2b2 Qc1xb2
38.Rd2xb2 Ra3xd3
39.h4 Rd3b3
{ resign }
0-1

[Event "Match"]
[Site "www.echecsemail.com"]
[Date "2015.02.22"]
[Round "1"]
[White "Kantimousse"]
[Black "Saidgermany"]
[WhiteElo "1690"]
[BlackElo "1809"]
[Result "0-1"]
[Round "1"]
1.e4 c5
2.Bf1c4 Ng8f6
3.e5 d5
4.Bc4b5 Nf6d7
5.Ng1f3 e6
6.O-O Bf8e7
7.d4 cxd4
8.Qd1xd4 a6
9.Bb5d3 Nb8c6
10.Qd4g4 Nd7xe5
11.Nf3xe5 Nc6xe5
12.Qg4xg7 Be7f6
13.Qg7g3 h5
14.h4 Ne5g4
15.Nb1d2 Bf6xh4
16.Qg3f4 Bh4g5
17.Qf4d4 Bg5f6
18.Qd4c5 b6
19.Qc5c6 Bc8d7
20.Qc6d6 Bf6e5
21.Qd6b4 Qd8h4
22.Nd2f3 Be5h2
23.Kh1 Ng4xf2
24.Rf1xf2 Qh4xb4
25.Nf3xh2 h4
26.Bc1d2 Qb4xb2
27.Ra1f1 f5
28.a4 Bd7xa4
29.Rf1e1 Kd7
30.Nh2f3 h3
31.Nf3e5 Kc7
32.Bd2f4 hxg2
 { time }
0-1

[Event "Match"]
[Site "www.echecsemail.com"]
[Date "2015.02.22"]
[Round "1"]
[White "Guidom"]
[Black "Jeti"]
[WhiteElo "2040"]
[BlackElo "1499"]
[Result "1-0"]
[Round "1"]
1.e4 d6
2.d4 Ng8f6
3.Nb1c3 g6
4.Ng1f3 Bf8g7
5.Bc1g5 O-O
6.Bf1d3 b6
7.Qd1d2 Bc8b7
8.d5 c6
9.dxc6 Nb8xc6
10.O-O  { time }
1-0

[Event "1/64 Finale"]
[Site "www.chess-mail.com"]
[Date "2015.02.22"]
[Round "1"]
[White "Gatrooper"]
[Black "Arto20"]
[WhiteElo "1390"]
[BlackElo "2380"]
[Result "0-1"]
[Round "1"]
1.e4 c5
2.d3 Nb8c6
3.Ng1f3 d6
4.h3 Ng8f6
5.Nb1c3 a6
6.a3 e6
7.Bc1g5 Bf8e7
8.Bg5xf6 Be7xf6
9.Bf1e2 O-O
10.h4 d5
11.exd5 exd5
12.h5 h6
13.Qd1d2 Rf8e8
 { time }
0-1

[Event "1/32 Finale"]
[Site "www.chess-mail.com"]
[Date "2015.02.22"]
[Round "1"]
[White "Ingauno64"]
[Black "Picifarkinca"]
[WhiteElo "2630"]
[BlackElo "2200"]
[Result "1-0"]
[Round "1"]
1.d4 Ng8f6
2.c4 e6
3.Nb1c3 Bf8b4
4.e3 O-O
5.a3 Bb4e7
6.Qd1c2 Rf8e8
7.Bf1d3 d5
8.Ng1f3 c6
9.O-O Nb8d7
10.e4 Nf6xe4
11.Nc3xe4 dxe4
12.Bd3xe4 Nd7f6
13.Be4d3 { resign }
1-0

[Event "1/16 Finale"]
[Site "www.chess-mail.com"]
[Date "2015.02.22"]
[Round "1"]
[White "Picifarkinca"]
[Black "Guidom"]
[WhiteElo "2270"]
[BlackElo "2040"]
[Result "0-1"]
[Round "1"]
1.Ng1f3 d5
2.c4 dxc4
3.Nb1a3 Ng8f6
4.Na3xc4 e6
5.b3 Bf8e7
6.Bc1b2 O-O
7.g3 Nb8c6
8.Bf1g2 Bc8d7
9.O-O a6
10.Ra1c1 h6
11.Nc4e5 Be7d6
{ resign }
0-1

[Event "Eq:chibcha-CONFOEDERATIONIS HELVETICAE : "]
[Site "www.chess-mail.com"]
[Date "2015.02.22"]
[Round "1"]
[White "Agmac"]
[Black "Karlgrocer"]
[WhiteElo "2560"]
[BlackElo "1970"]
[Result "1-0"]
[Round "1"]
1.b4 Ng8f6
2.Bc1b2 e6
3.a3 Bf8e7
4.c4 O-O
5.e3 b6
6.Nb1c3 Bc8b7
7.Ng1f3 d5
8.cxd5 Nf6xd5
9.Qd1c2 Be7f6
10.Nc3xd5 Bf6xb2
11.Qc2xb2 Bb7xd5
12.Ra1c1 Nb8d7
13.Bf1c4 Bd5xf3
14.gxf3 Nd7f6
15.Bc4b5 Qd8d6
16.Bb5c6 Ra8d8
17.f4 Qd6d3
18.Rh1g1 Rd8d6
19.Rc1c2 Rf8d8
20.Qb2xf6 g6
21.Qf6b2 Qd3f5
22.d4 Qf5h3
23.Qb2c1 Qh3xh2
24.Rg1h1 Qh2xf4
25.exf4 Rd6xd4
26.Bc6f3 { resign }
1-0

[Event "Eq:CONFOEDERATIONIS HELVETICAE-Los Tercios : "]
[Site "www.chess-mail.com"]
[Date "2015.02.22"]
[Round "1"]
[White "Conde7"]
[Black "Shihchuliao"]
[WhiteElo "2720"]
[BlackElo "2020"]
[Result "1-0"]
[Round "1"]
1.e4 e5
2.Ng1f3 d6
3.Nb1c3 a6
4.d4 exd4
5.Nf3xd4 Ng8f6
6.Bf1c4 Qd8e7
7.O-O Nb8d7
8.Nd4f5 Qe7e5
9.Rf1e1 Nd7c5
10.f4 Qe5xc3
11.bxc3 Nf6xe4
12.Nf5g3 Bc8e6
13.Ng3xe4 Nc5xe4
14.Re1xe4 Kd7
15.Ra1b1 b5
16.Bc4xe6 fxe6
17.c4 c6
18.Qd1g4 Ra8e8
19.f5 exf5
20.Qg4xf5 Kd8
21.Re4xe8 Kxe8
22.Bc1g5 h6
23.Qf5e6 { resign }
1-0

[Event "Eq:BEAC Hungary-La Taverne : "]
[Site "www.chess-mail.com"]
[Date "2015.02.22"]
[Round "1"]
[White "Fkarpov"]
[Black "Traub"]
[WhiteElo "2000"]
[BlackElo "1830"]
[Result "1-0"]
[Round "1"]
1.e4 d5
2.e5 e6
3.Ng1f3 c5
4.Bf1e2 Nb8c6
5.c3 Qd8c7
6.d4 cxd4
7.cxd4 Bf8b4
8.Bc1d2 Qc7b6
9.Bd2xb4 Qb6xb4
10.Qd1d2 Qb4b6
11.Nb1c3 f5
12.Nc3b5 Ng8h6
13.Nb5d6 Kf8
14.O-O Nh6f7
15.Qd2c3 Nf7xd6
16.exd6 Bc8d7
17.Rf1d1 Ra8c8
18.Ra1c1 g6
19.Qc3d2 a6
20.Nf3e5 Nc6xe5
{ time. }
1-0

[Event "Eq:Slap Shot Mates-BEAC Hungary : "]
[Site "www.chess-mail.com"]
[Date "2015.02.22"]
[Round "1"]
[White "Hali"]
[Black "Sebolix"]
[WhiteElo "2150"]
[BlackElo "2680"]
[Result "0-1"]
[Round "1"]
1.e4 e6
2.d4 d5
3.Nb1c3 Bf8b4
4.e5 b6
5.f4 Ng8h6
6.Ng1f3 c5
7.a3 Bb4xc3
8.bxc3 O-O
9.Bf1d3 c4
10.Bd3e2 Nb8c6
11.f5 Nh6xf5
12.O-O f6
13.g4 Nf5e7
14.Bc1f4 Ne7g6
15.Bf4g3 f5
16.gxf5 exf5
17.Qd1e1 f4
18.Bg3h4 Ng6xh4
19.Nf3xh4 g5
20.Nh4f3 g4
21.Nf3h4 Kh8
22.Kh1 Bc8e6
23.Be2d1 Qd8g5
24.Rf1g1 Qg5h5
25.h3 f3
{ resign }
0-1

[Event "Eq:Angels of Checkmate-BEAC Hungary : "]
[Site "www.chess-mail.com"]
[Date "2015.02.22"]
[Round "1"]
[White "Currivan"]
[Black "Picifarkinca"]
[WhiteElo "1690"]
[BlackElo "2120"]
[Result "1-0"]
[Round "1"]
1.d4 Ng8f6
2.Nb1c3 d5
3.e3 e6
4.Bf1b5 c6
5.Bb5d3 Bf8b4
6.Bc1d2 O-O
7.Ng1e2 Nb8d7
8.a3 Bb4d6
9.O-O e5
10.dxe5 Nd7xe5
11.Ne2g3 Ne5xd3
12.cxd3 Bd6xg3
13.fxg3 { resign }
1-0

[Event "Eq:Angels of Checkmate-BEAC Hungary : "]
[Site "www.chess-mail.com"]
[Date "2015.02.22"]
[Round "1"]
[White "Picifarkinca"]
[Black "Currivan"]
[WhiteElo "2120"]
[BlackElo "1690"]
[Result "0-1"]
[Round "1"]
1.Ng1f3 d5
2.c4 c6
3.e3 Ng8f6
4.cxd5 Nf6xd5
5.d4 e6
6.Qd1b3 Bf8b4
7.Nb1c3 Bb4xc3
8.bxc3 O-O
9.Bf1e2 b5
10.O-O a5
11.e4 a4
12.Qb3c2 Nd5f4
{ resign }
0-1

[Event "Fast Game"]
[Site "www.echecsemail.com"]
[Date "2015.02.22"]
[Round "1"]
[White "Attatroll"]
[Black "Tomasseeber"]
[WhiteElo "1790"]
[BlackElo "1599"]
[Result "0-1"]
[Round "1"]
1.e4 c5
2.Nb1c3 e5
3.g4 Ng8e7
4.Bf1g2 d5
5.exd5 f5
6.gxf5 Bc8xf5
7.f3 Ne7xd5
8.Nc3xd5 Qd8xd5
9.d3 Bf8e7
10.Ng1e2 Be7h4
11.Ne2g3 Qd5d4
12.Qd1e2 Nb8c6
13.Bc1e3 Qd4xb2
14.O-O Nc6d4
15.Be3xd4 Qb2xd4
16.Kh1 Bh4xg3
17.hxg3 O-O
18.Ra1b1 Rf8f6
19.Rb1xb7 Rf6h6
20.Bg2h3 Bf5xh3
21.Rf1f2 Bh3f1
{ resign }
0-1

[Event "Tourn. n7966"]
[Site "www.chess-mail.com"]
[Date "2015.02.23"]
[Round "1"]
[White "Passaroa25"]
[Black "Gatrooper"]
[WhiteElo "1520"]
[BlackElo "1440"]
[Result "1-0"]
[Round "1"]
1.e4 e5
2.Ng1e2 Nb8c6
3.c3 Ng8f6
4.f3 h6
5.d3 a6
6.Bc1e3 d6
7.Be3f2 Bf8e7
8.Nb1d2 Bc8d7
9.Ne2g3 d5
10.Bf1e2 dxe4
11.dxe4 b6
12.Nd2b3 O-O
13.Ng3f5 Bd7xf5
14.Qd1xd8 Ra8xd8
15.exf5 Be7c5
16.Bf2xc5 bxc5
17.Nb3xc5 a5
18.O-O Rd8d2
19.Be2b5 Nc6e7
20.b4 c6
21.Rf1d1 Rd2c2
22.c4 cxb5
23.cxb5 Ne7d5
24.Rd1c1 Rc2xc1
25.Ra1xc1 Nd5xb4
26.a4 Nb4a2
27.Rc1c2 Na2b4
28.Rc2b2 Rf8d8
29.h3 Rd8d1
30.Kh2 Nf6d7
31.Nc5b3 Nb4d3
32.Rb2d2 Rd1b1
33.Rd2xd3 Nd7b6
34.Rd3d8 Kh7
35.Nb3xa5  { time }
1-0

[Event "Tourn. n8010"]
[Site "www.chess-mail.com"]
[Date "2015.02.23"]
[Round "1"]
[White "Gatrooper"]
[Black "Iko"]
[WhiteElo "1480"]
[BlackElo "1420"]
[Result "0-1"]
[Round "1"]
1.e4 e5
2.a3 d5
3.exd5 Qd8xd5
4.d3 Bc8f5
5.Nb1c3 Qd5d4
6.Bc1e3 Qd4d6
7.h3 Nb8c6
8.Ng1f3 O-O-O
9.Nc3b5 Qd6d7
10.Nf3xe5 Nc6xe5
11.Nb5xa7 Kb8
12.a4 b6
13.Na7b5 Bf8b4
14.Be3d2 Bb4xd2
15.Qd1xd2 Rd8e8
16.Bf1e2 Ne5xd3
17.cxd3 Qd7xd3
 { time }
0-1

[Event "Tourn. n8015"]
[Site "www.chess-mail.com"]
[Date "2015.02.23"]
[Round "1"]
[White "Genius9"]
[Black "Gatrooper"]
[WhiteElo "1510"]
[BlackElo "1470"]
[Result "1-0"]
[Round "1"]
1.d4 d5
2.c4 dxc4
3.Ng1f3 e6
4.e3 Nb8c6
5.Bf1xc4 a6
6.O-O h6
7.Nb1c3 Ng8f6
8.Qd1e2 Bf8d6
9.e4 b5
10.Bc4d3 b4
11.Nc3b1 a5
12.e5  { time }
1-0

[Event "Tourn. n8092"]
[Site "www.chess-mail.com"]
[Date "2015.02.23"]
[Round "1"]
[White "Udo40"]
[Black "F14"]
[WhiteElo "1700"]
[BlackElo "1599"]
[Result "0-1"]
[Round "1"]
1.Ng1f3 Ng8f6
2.d4 g6
3.Nb1c3 d5
4.Bc1g5 Bf8g7
5.Bg5xf6 Bg7xf6
6.e4 dxe4
7.Nc3xe4 Bf6g7
8.c3 O-O
9.Bf1c4 Bc8g4
10.h3 Bg4f5
11.Ne4c5 b6
12.Nc5b3 Nb8c6
13.d5 Nc6e5
14.Nf3xe5 Bg7xe5
15.O-O Qd8d6
16.Kh1 Qd6d7
17.Rf1e1 Ra8d8
18.Re1xe5 c6
19.Qd1f3 cxd5
20.Bc4xd5 e6
21.Bd5c4 Bf5c2
22.Bc4e2 Bc2xb3
23.axb3 a5
24.Ra1d1 Qd7c7
25.Qf3f6 Rd8xd1
26.Be2xd1 Rf8d8
27.Re5e1 Qc7d6
28.c4 Qd6d2
29.Qf6f3 Qd2xe1
{ resign }
0-1

[Event "Tourn. n7956"]
[Site "www.chess-mail.com"]
[Date "2015.02.23"]
[Round "1"]
[White "Picifarkinca"]
[Black "Cardiff"]
[WhiteElo "2000"]
[BlackElo "2050"]
[Result "1/2-1/2"]
[Round "1"]
1.Ng1f3 Ng8f6
2.c4 e6
3.Nb1c3 d5
4.d4 c5
5.dxc5 Bf8xc5
6.cxd5 exd5
7.e3 O-O
8.Bf1e2 Nb8c6
9.O-O Rf8e8
10.Qd1b3 Bc5b4
11.Rf1d1 Bb4xc3
12.Qb3xc3 Bc8e6
13.a3 Ra8c8
14.Qc3e1 Qd8e7
15.b4 a6
16.Bc1b2 Nf6e4
17.Ra1c1 f6
18.Nf3d4 Nc6xd4
19.Bb2xd4 Rc8xc1
20.Rd1xc1 Re8c8
21.Rc1xc8 Be6xc8
22.Qe1c1 Bc8e6
23.f3 Ne4g5
24.Be2d3 Qe7d7
25.Qc1c2 h6
26.Bd4b6 Ng5f7
27.Qc2c7 Qd7xc7
28.Bb6xc7 Kf8
29.Kf1 { draw }
1/2-1/2